| 000 | 00765 a2200181 4500 | ||
|---|---|---|---|
| 003 | Nust | ||
| 005 | 20221214101530.0 | ||
| 020 | _a8173194971 | ||
| 040 | _cNust | ||
| 082 | _a621.3822,NAI | ||
| 100 |
_aParbhakar S Naidu _9104810 |
||
| 245 |
_aModern digital signal processing an introduction / _cParbhakar S Naidu |
||
| 260 |
_aNew Delhi _bNarosa Publishing House _c1998 |
||
| 300 | _a406p | ||
| 505 | _aSignal Analysis (Page-1), Discrete Fourier Transform and Convolution (Page-51), Power Spectrum Analysis (Page-121), Finite Response Filters (Page-165), Infinite Impulse Response Filters (Page-213), Adaptive Filters (Page-267), Beam Formation (Page-311), Digital Signal Processing (Page-359). | ||
| 650 | _aTelecommunication Engineering. | ||
| 942 |
_2ddc _cBK |
||
| 999 |
_c182776 _d182776 |
||